[Event "2001/2002 World Chess Cha"]
[Site "Moscow"]
[Date "2001.11.30"]
[Round "02"]
[White "Movsesian, Sergei"]
[Black "Azmaiparashvili, Zurab"]
[Result "0-1"]
[WhiteElo "2627"]
[WhiteCountry "CZE"]
[BlackElo "2674"]
[BlackCountry "GEO"]
[PresId "0001020323"]

1. e4 e5 2. Nf3 Nc6 3. Bb5 g6 4. Bxc6 dxc6 5. b3 c5 6. O-O f6 7. Bb2
Ne7 8. Ne1 Nc6 9. Nd3 b6 10. Nc3 Ba6 11. Nd5 Nd4 12. c4 c6 13. Ne3 Bg7
14. Nc2 Ne6 15. Nce1 Qd6 16. f4 exf4 17. Qf3 Nd4 18. Qd1 Bh6 19. Nf3
O-O 20. Nxd4 cxd4 21. Qf3 g5 22. Rae1 Rae8 23. g3 fxg3 24. hxg3 c5 25.
g4 Bb7 26. Nf2 Rf7 27. Nh1 Qf4 28. Qg2 Rxe4 29. Rxe4 Qxe4 30. Qxe4
Bxe4 31. Ng3 Bd3 32. Rf3 Bg6 33. b4 Bf8 34. b5 Bd6 35. Nf5 Bxf5 36.
Rxf5 Bf4 37. d3 Re7 38. Kf2 Kf7 39. Rd5 Ke8 40. Rf5 Re6 41. a4 Ke7 42.
Ba3 Re3 43. Bc1 Rxd3 44. Bxf4 gxf4 45. Rh5 Rc3 46. a5 Rxc4 47. a6 d3
48. Rxh7+ Ke6 49. Rxa7 Rd4 50. Ke1 f3 51. Rh7 f2+ 52. Kxf2 d2 53. a7
d1Q 54. a8Q Rf4+ 55. Kg3 Qxg4+ 56. Kh2 Rf2+ 0-1

[Event "2001/2002 World Chess Cha"]
[Site "Moscow"]
[Date "2001.11.30"]
[Round "02"]
[White "Psakhis, Lev"]
[Black "Ye, Jiangchuan"]
[Result "0-1"]
[WhiteElo "2566"]
[WhiteCountry "ISR"]
[BlackElo "2677"]
[BlackCountry "CHN"]
[PresId "0001020420"]

1. e4 c5 2. Nf3 e6 3. d3 Nc6 4. g3 Nf6 5. Bg2 Be7 6. O-O O-O 7. Re1 d6
8. c3 Rb8 9. d4 cxd4 10. cxd4 d5 11. e5 Ne4 12. Nbd2 Nxd2 13. Bxd2 Bd7
14. Bf1 f5 15. exf6ep Bxf6 16. Bf4 Rc8 17. Ne5 Nxe5 18. Bxe5 Qb6 19.
Qd2 a5 20. Bxf6 Rxf6 21. f4 Rff8 22. Rac1 Qb4 23. Qxb4 axb4 24. Bd3
Kf7 25. Kf2 h6 26. Ke3 Ke7 27. h4 Kd6 28. Kd2 b6 29. Rxc8 Rxc8 30. Re3
Ra8 31. Bb1 Rc8 32. Re1 Bb5 33. Ke3 Bc4 34. Rc1 Ra8 35. b3 Bb5 36. g4
Bd7 37. h5 Be8 38. Kf3 Bf7 39. Kg3 Be8 40. Kh4 Bb5 41. Re1 Rf8 42. Kg3
Rf7 43. Rc1 Rf8 44. g5 Be2 45. Bg6 Bb5 46. gxh6 gxh6 47. Re1 Bd7 48.
Rc1 Ra8 49. Rc2 Bb5 50. Kf3 Bd7 51. Ke3 Rc8 52. Rxc8 Bxc8 53. f5 Ke7
54. Kf4 Kf6 55. fxe6 Bxe6 56. Bd3 Bd7 57. Bh7 Be8 58. Kg4 Bb5 59. Kf4
Be2 60. Bg6 Bd1 61. Be8 Bc2 0-1

[Event "2001/2002 World Chess Cha"]
[Site "Moscow"]
[Date "2001.11.30"]
[Round "02"]
[White "Beliavsky, Alexander G"]
[Black "Delchev, Aleksander"]
[Result "1/2-1/2"]
[WhiteElo "2659"]
[WhiteCountry "SLO"]
[BlackElo "2629"]
[BlackCountry "BUL"]
[PresId "0001020426"]

1. d4 Nf6 2. c4 e6 3. Nf3 b6 4. g3 Ba6 5. b3 Bb4+ 6. Bd2 Be7 7. Bg2 c6
8. Bc3 d5 9. Ne5 Nfd7 10. Nxd7 Nxd7 11. Nd2 O-O 12. O-O Nf6 13. Qc2
Rb8 14. Bb2 c5 15. dxc5 Bxc5 16. e4 dxc4 17. Nxc4 Rc8 18. Rad1 Qe7 19.
e5 Nd5 20. Qe4 Bb4 21. Rc1 b5 22. Nd6 Bxd6 23. exd6 Qxd6 24. Qd4 f6
25. Qxa7 b4 26. Rfd1 Rxc1 27. Bxc1 Be2 28. Re1 Nc3 29. a4 bxa3ep 30.
Bxa3 Qd2 31. Ra1 Rd8 32. Qe7 Qd7 33. Bh3 f5 34. Qb4 Ne4 35. Bg2 Qd1+
36. Qe1 Qxe1+ 37. Rxe1 Rd2 38. Bc1 Rc2 39. Be3 h6 40. h4 Nc3 41. b4
Bc4 42. Kh2 Bd5 43. Bf1 Ne4 44. Kg1 Nd2 45. Bxd2 Rxd2 46. Rb1 Ba2 47.
Rc1 Rb2 48. b5 Kf7 49. Bd3 Bd5 50. Kf1 g5 51. hxg5 hxg5 52. Ke1 Ke7
53. Rc8 Kd6 54. Rg8 Ke5 55. Rxg5 Kd4 56. Bxf5 exf5 57. Rxf5 Rxb5 58.
g4 Rb1+ 59. Kd2 Rb2+ 60. Kc1 Re2 61. g5 Re5 1/2-1/2

[Event "2001/2002 World Chess Cha"]
[Site "Moscow"]
[Date "2001.11.30"]
[Round "02"]
[White "Gurevich, Mikhail"]
[Black "Vaganian, Rafael A"]
[Result "1-0"]
[WhiteElo "2633"]
[WhiteCountry "BEL"]
[BlackElo "2650"]
[BlackCountry "ARM"]
[PresId "0001020430"]

1. d4 d5 2. c4 e6 3. Nc3 Be7 4. Nf3 Nf6 5. Bf4 O-O 6. e3 Nbd7 7. Bd3
a6 8. a4 dxc4 9. Bxc4 c5 10. dxc5 Bxc5 11. O-O b6 12. Qe2 Bb7 13. Rfd1
Qe7 14. h3 Rfc8 15. Rac1 Nf8 16. Ne5 Ng6 17. Nxg6 hxg6 18. Be5 Nh5 19.
Bh2 Qg5 20. Qg4 Qxg4 21. hxg4 Nf6 22. Be2 Kf8 23. g5 Nd5 24. Nxd5 Bxd5
25. a5 Bb3 26. Rf1 Ke8 27. Bf3 Rab8 28. Bxb8 Rxb8 29. Rc3 Ba4 30. Ra1
Bd7 31. axb6 Bxb6 32. Rxa6 Bd8 33. b3 Bxg5 34. Ra8 Rxa8 35. Bxa8 Kd8
36. Bc6 Bc8 37. b4 Bf6 38. Rc2 Be5 39. b5 Bc7 40. Be8 f6 41. Bxg6 Bd7
42. Bd3 Bb6 43. Kf1 f5 44. Ke2 g5 45. Rc1 g4 46. Rh1 Kc7 47. Rh7 Kd6
48. Bc4 Bc5 49. Rg7 Bb6 50. Kf1 Bc5 51. e4 Bd4 52. Rg6 Kc5 53. b6 Kxc4
54. b7 Be5 55. exf5 exf5 56. Rg8 f4 57. b8Q Bxb8 58. Rxb8 Kd5 59. Rb4
Ke5 60. g3 fxg3 61. fxg3 Kd5 62. Kf2 Kc5 63. Re4 Kd5 64. Ke3 Bf5 65.
Re8 Bd7 66. Re7 Kd6 67. Rxd7+ Kxd7 68. Kf4 1-0
[Site "Moscow"]
[Date "2001.11.30"]
[Round "02"]
[White "Zielinska, Marta"]
[Black "Skripchenko-Lautier, Almi"]
[Result "0-1"]
[WhiteElo "2399"]
[WhiteCountry "POL"]
[BlackElo "2494"]
[BlackCountry "MDA"]
[PresId "0002020308"]

1. d4 d5 2. Nf3 Nf6 3. e3 c5 4. b3 cxd4 5. exd4 Nc6 6. a3 Bg4 7. Bb2
e6 8. Bd3 Bd6 9. h3 Bh5 10. Nbd2 Qb6 11. O-O O-O 12. Re1 Bf4 13. Nf1
Rac8 14. Rb1 Rfd8 15. Qe2 Bb8 16. Rbd1 a5 17. g4 Bg6 18. Bxg6 hxg6 19.
Qd3 a4 20. N1d2 axb3 21. cxb3 Bf4 22. b4 Ne7 23. Rc1 Rxc1 24. Bxc1 Rc8
25. Bb2 Qd6 26. Kf1 Nd7 27. Rc1 Ra8 28. Rc2 Nb6 29. Ne5 Bxd2 30. Rxd2
g5 31. Re2 f6 32. Nf3 Nc4 33. Bc1 Kf7 34. Qh7 Ng6 35. Nxg5+ fxg5 36.
Qh5 Qh2 37. Rxe6 Kxe6 38. Qxg6+ Kd7 39. Qf7+ Kc6 40. b5+ Kb6 41. Qxd5
Qxh3+ 42. Ke2 Qxg4+ 43. Kf1 Rc8 44. Bxg5 Nxa3 45. Bd8+ Ka7 46. b6+ Ka6
47. Bc7 Qd1+ 48. Kg2 Qa4 49. Qe4 Nb5 50. Qf5 Rh8 51. d5 Qd1 52. d6
Nxd6 53. Qc5 Qh1+ 0-1

[Event "2001/2002 Women World Che"]
[Site "Moscow"]
[Date "2001.11.30"]
[Round "02"]
[White "Skripchenko-Lautier, Almi"]
[Black "Zielinska, Marta"]
[Result "1-0"]
[WhiteElo "2494"]
[WhiteCountry "MDA"]
[BlackElo "2399"]
[BlackCountry "POL"]
[PresId "0002020408"]

1. e4 e6 2. d4 d5 3. exd5 exd5 4. Nf3 Bd6 5. c4 Bb4+ 6. Nc3 Ne7 7.
cxd5 O-O 8. Bg5 f6 9. Bd2 Re8 10. Be2 Nxd5 11. O-O Nc6 12. Re1 Be6 13.
Bd3 Bf7 14. Qc2 Rxe1+ 15. Rxe1 g6 16. Bc4 Bxc3 17. bxc3 Kg7 18. Bb3
Qd6 19. c4 Ndb4 20. Qc3 a5 21. a3 Na6 22. Bc2 Ne7 23. h3 b6 24. Bc1
Ng8 25. Bb2 c6 26. Nd2 Re8 27. Rxe8 Bxe8 28. Ne4 Qf4 29. g3 Qf5 30. d5
Nc7 31. Nxf6 Qxf6 32. Qb3 b5 33. dxc6 Bxc6 34. cxb5 Bxb5 35. Bxf6+
Nxf6 36. Bd3 a4 37. Qc2 Bxd3 38. Qxc7+ Kh6 39. Qd8 1-0